Problém zastoupení v Nové institucionální ekonomii

Pohľad na historický vývoj Novej inštitucionálnej ekonómie. Odkaz F.H. Knighta, R. Coase a i. Teória firmy.

Enregistré dans:
Détails bibliographiques
Auteur principal: Otáhal, Tomáš
Format: Chapitre de livre
Langue:tchèque
Sujets:
Tags: Ajouter un tag
Pas de tags, Soyez le premier à ajouter un tag!

MARC

LEADER 00000naa$a2200000$$$4500
001 0107532
005 20231121105239.9
041 0 |a cze 
044 |a CZ 
245 1 0 |a Problém zastoupení v Nové institucionální ekonomii  |c Tomáš Otáhal 
520 |a Pohľad na historický vývoj Novej inštitucionálnej ekonómie. Odkaz F.H. Knighta, R. Coase a i. Teória firmy. 
610 2 0 |a inštitucionalizmus 
610 2 0 |a dejiny teórií ekonomických 
610 2 0 |a Coase, R. 
610 2 0 |a Knight, F. 
610 2 0 |a teória hier 
100 1 |a Otáhal, Tomáš